000 00737nam a2200217Ii 4500
001 14305
003 CO-ViMGA
008 241108s9999||||xx |||||||||||||| ||und||
020 _a9589639453
040 _aCO-ViMGA
_bspa
_erda
_cCO-ViMGA
041 0 _aspa
082 0 4 _a693.852 A76m
100 1 _aJosef Fabiarz F.
_949067
245 1 0 _aManual de construcción sismo resistente de viviendas en Bahareque encementado
264 1 _aBogotá, Colombia : Asociación Colombiana de Ingeniería Sismica - AIS, [Fecha de publicación no identificada]
300 _avolumen
336 _atext
_btxt
_2rdacontent
337 _aunmediated
_bn
_2rdamedia
338 _avolume
_bnc
_2rdacarrier
940 _aidficha_siabuc: 14002. -- ficha_no_siabuc:14305
999 _c43710
_d43710